00712nam a22001937a 4500001000700000003000400007005001700011008003100028020001500059040002500074100003200099245013800131260004600269300003000315700004700345942001300392952009600405999001700501 48827OSt20201016133355.0201006b 1999 dr 00| 0 eng d a9768175559 aDO-SdBNPbspacBNPHU1 aCastellanos, Socorro95712910aCon los cinco sentidos :blas mejores recetas de Buenas Tardes a la Orden T. V. /cSocorro Castellanos ; fotografias Thiago da Cunha. aSanto Domingo :bAmigo del Hogar, c1999. a216. p. :bil. ;c28 cm. 1 aCunha, Thiago da, e fotografías 976776 2ddccLF1 00102ddc708MOaPDbPDcCTd2020-10-06eRaquel Martínezl0r2020-10-06w2020-10-06yLF1 c48827d48827